[Event "Ashkhabad-A"]
[Site "Ashkhabad"]
[Date "1996.??.??"]
[Round "3"]
[White "Annageldyev, Orazly"]
[Black "Odeev, Handszar"]
[Result "1-0"]
[WhiteElo "2485"]
[BlackElo "2425"]
[Annotator "Schulz,Andre"]
[PlyCount "77"]
[EventDate "1996.??.??"]
[EventType "tourn"]
[EventRounds "13"]
[EventCountry "TKM"]
[EventCategory "9"]
[SourceTitle "CBM 053"]
[Source "ChessBase"]
[SourceDate "1996.08.01"]
[SourceVersion "1"]
[SourceVersionDate "1996.08.01"]
[SourceQuality "1"]

1. Nf3 {Johnson,M King} g6 2. e4 Bg7 3. d4 c5 4. Nc3 cxd4 5. Nxd4 d6 6. Be3 Nf6
7. Be2 O-O 8. O-O a6 (8... Nc6) (8... Nbd7 {Johnson,M}) 9. f4 (9. Bf3 {Johnson,
M} Nbd7 10. Nd5 Ne5 11. Nxf6+ Bxf6 12. c3 Nxf3+ 13. Qxf3 Bg7 14. Rad1 Qa5 15.
a3 Bd7 16. Rd3 Qc7 17. Rfd1 Rad8 18. b3 e5 19. Ne2 Bc6 20. c4 f5 21. Qh3 f4 22.
Qe6+ Kh8 23. Bc1 Rf6 24. Qh3 Bxe4 25. R3d2 Bf5 26. g4 fxg3 27. Qxg3 Be4 28. Qe3
Bf3 29. c5 Qc8 30. cxd6 Qg4+ {0-1 Haskett-Barry/cr 77F 1977}) 9... Qc7 10. a4
Nbd7 (10... Nc6 $1 {Johnson,M}) 11. f5 $5 $146 (11. g4 Nc5 12. Bf3 e5 13. Nb3
Nxb3 14. cxb3 d5 15. g5 Nd7 16. Nxd5 Qd8 17. f5 f6 18. Rc1 gxf5 19. Nc7 f4 20.
Bf2 Qe7 21. Nxa8 {1-0 Glek,I-Galanov,B/Berliner Sommer ;TD 94\02 1994}) (11.
Kh1 b6 12. Nd5 Nxd5 13. exd5 Nf6 14. c4 Bd7 15. Rc1 e5 16. fxe5 dxe5 17. Nf3
Ng4 18. Bg1 f5 19. a5 bxa5 20. c5 e4 21. Nd4 Ne5 22. Qc2 Bh6 23. d6 Qb8 24.
Rcd1 Rc8 25. Bc4+ Kh8 26. Ne6 Bxe6 27. Bxe6 Re8 28. Bd5 Bg7 29. Bxa8 Qxa8 30.
Bd4 Qd5 31. Bxe5 Qxe5 32. c6 {1-0 Kindermann,S-Sehner,N/BL 8485 (1984) ;BL 80
1985}) (11. a5 b5 12. axb6 Nxb6 13. Kh1 Bb7 14. Bd3 Nc4 15. Bc1 Nd7 16. Nde2
Rfc8 17. b3 Ncb6 18. Bb2 Nc5 19. Rb1 Bc6 20. Ng3 Qb7 21. Qe1 Nbd7 22. Bc4 e6
23. Qd2 Nf6 24. f5 exf5 25. exf5 d5 26. Bd3 d4 27. Na4 Nce4 28. Nxe4 Nxe4 29.
Qe2 Re8 30. Bxe4 Rxe4 31. Qf2 Rg4 32. Rg1 Bxa4 33. bxa4 Rb8 34. fxg6 Rxg6 35.
a5 d3 36. Bxg7 Qxb1 37. Be5 dxc2 38. Bxb8 c1=Q 39. Ba7 Qbb2 40. Rxc1 Qxc1+ 41.
Qg1 Rc6 42. h3 Kf8 43. Be3 Qxg1+ 44. Kxg1 Rc2 45. Kh2 Rc3 46. Bb6 Ke7 47. h4
Ke6 48. g3 Rc2+ 49. Kh3 h5 {0-1 De Vries,E-Van der Werf,M/Dieren op (08) ;EXP
19 1990}) 11... Ne5 12. Bg5 {[%cal Rg5f6,Rc3d5] /\13.Bxf6,14.Nd5} Nc6 13. Nb3
Nb4 14. Kh1 Bd7 15. Nd4 e5 16. Nb3 Bc6 17. Bd3 h6 (17... d5 $142 {Johnson,M}
18. Bxf6 Bxf6 19. exd5 Nxd5 20. Nxd5 Bxd5) 18. Bxf6 Bxf6 19. Qg4 Kg7 (19... g5
{Johnson,M}) 20. Nd2 h5 21. Qg3 g5 {I'm not sure this was strictly necessary.
Black's king is forced up the board to protect the pawns, but he doesn't quite
get away with it.} 22. Nc4 Rad8 (22... d5 $5 23. exd5 Nxd5 24. Ne4 Nf4 $132)
23. Rae1 Rfe8 24. Ne3 d5 {><e4} 25. exd5 Nxd5 26. Nexd5 Bxd5 27. Be4 {Correct.
Once a knight reaches e4 then Black's structure proves too fragile. +-} Bc6 28.
Re2 Rd4 29. Rfe1 Red8 (29... Bxa4 $5 30. Nd5 Qc5 31. Nxf6 Kxf6 $15) 30. h3 Kh6
31. Bxc6 Qxc6 32. Ne4 Rxa4 33. Qb3 Kg7 34. Nxf6 Kxf6 35. Rxe5 Rd6 (35... Rd2
36. Re6+ fxe6 37. Rxe6+ Kxf5 38. Rxc6 Ra1+ 39. Kh2 bxc6 40. Qf3+ Kg6 41. Qxc6+
$18) 36. Re7 Rc4 37. Qe3 Qd5 $4 (37... Rc5 38. Rxb7 Rxf5 39. Qe7+ Kg6 $14) 38.
Rxb7 $4 (38. Rxf7+ $1 Kxf7 39. Qe8+ Kg7 (39... Kf6 40. Qg6#) 40. Re7+ Kf6 41.
Qf8+ Qf7 42. Qxf7#) 38... Rxc2 (38... Kxf5 39. Rxf7+ Qxf7 40. Qe5+ Kg6 41.
Qxd6+ Kg7 42. Re7 $18) 39. Qe7+ $4 $138 (39. Rxf7+ $1 {Matt in 4/mate in 4}) (
39. Qe7+ Kxf5 40. Qxf7+ Qxf7 41. Rxf7+ Kg6 42. Ree7 Rdd2 $10) 1-0

[Event "Linares Anibal op 01st"]
[Site "Linares"]
[Date "1994.??.??"]
[Round "4"]
[White "Svidler, Peter"]
[Black "Rodriguez Cespedes, Amador"]
[Result "1-0"]
[WhiteElo "2505"]
[BlackElo "2470"]
[Annotator "Svidler,P"]
[PlyCount "55"]
[EventDate "1994.01.??"]
[EventType "swiss"]
[EventRounds "9"]
[EventCountry "ESP"]
[SourceTitle "CBM 039"]
[Source "ChessBase"]
[SourceDate "1994.04.01"]
[SourceVersion "1"]
[SourceVersionDate "1994.04.01"]
[SourceQuality "1"]

1. e4 c5 2. Nf3 d6 3. d4 cxd4 4. Nxd4 Nf6 5. Nc3 a6 6. f4 e5 7. Nf3 Nbd7 8. a4
Be7 9. Bd3 O-O 10. O-O exf4 11. Kh1 Ne5 12. Bxf4 Qc7 13. Qd2 Re8 $2 $146 (13...
Be6) 14. Nd4 Qc5 $6 (14... Be6 15. Rae1 Rac8 16. Nf5 $14) 15. Be3 $1 Nc4 (15...
Neg4 16. Bg1 $16) (15... Nfg4 16. Nd5 $16 {/\ b4}) 16. Bxc4 Qxc4 17. b3 Qb4 $2
(17... Qc7 18. Nf5 Bxf5 19. Rxf5 Bd8 20. Raf1 Re6 21. Bd4 $16) 18. Qd3 $1 {
/\ Nf5, Bd4; /\ a5, Ra4} Qa5 (18... Be6 19. Nf5 (19. Nxe6 $6 fxe6 20. a5 d5 21.
exd5 Rad8 22. Ra4 Qd6 $13) 19... Bxf5 20. Rxf5 Rac8 21. Bd4 $16) 19. Nf5 Bxf5 (
19... Nxe4 20. Nxg7 $16) 20. Rxf5 Qd8 21. Bd4 Nd7 22. Nd5 $18 g6 (22... Ne5 23.
Bxe5 dxe5 24. Raf1 f6 25. Qh3 $18 {/\ Rh5}) 23. Raf1 (23. Rxf7 $6 Kxf7 24. Rf1+
Kg8 25. Qc4 Ne5 26. Nxe7+ Kh8 27. Nd5 $13) 23... Rf8 (23... gxf5 24. Qg3+ Bg5
25. Nf6+ $18) 24. Qh3 $1 {/\ Rh5} f6 (24... Ne5 25. Bxe5 dxe5 26. Rxe5 Bd6 27.
Rh5 $1 (27. Nf6+ Qxf6 28. Rxf6 $18) 27... gxh5 28. Nf6+ Kg7 (28... Kh8 29. Qxh5
$18) 29. Nxh5+ $1 Kg6 30. Qg4+ Kh6 31. Rf6+ $18) 25. R5f3 Rf7 26. Qe6 Nf8 (
26... Kg7 27. Rh3 {/\ Rh7} Nf8 (27... h5 28. Rg3 $18) 28. Qxe7 $1 Rxe7 29.
Bxf6+ $18) 27. Nxf6+ $1 Bxf6 28. Qd5 $1 1-0

[Event "Linares Anibal op 01st"]
[Site "Linares"]
[Date "1994.??.??"]
[Round "6"]
[White "Svidler, Peter"]
[Black "Nedobora, Mikhail"]
[Result "1-0"]
[WhiteElo "2505"]
[BlackElo "2460"]
[Annotator "Svidler,P"]
[PlyCount "59"]
[EventDate "1994.01.??"]
[EventType "swiss"]
[EventRounds "9"]
[EventCountry "ESP"]
[SourceTitle "CBM 039"]
[Source "ChessBase"]
[SourceDate "1994.04.01"]
[SourceVersion "1"]
[SourceVersionDate "1994.04.01"]
[SourceQuality "1"]

1. e4 c5 2. Nf3 d6 3. d4 cxd4 4. Nxd4 Nf6 5. Nc3 a6 6. f4 e5 7. Nf3 Nbd7 8. a4
Be7 9. Bd3 O-O 10. O-O exf4 11. Kh1 Nc5 12. Bxf4 Bg4 13. Be3 $5 $146 (13. Qd2)
13... Rc8 (13... Bh5 $2 14. Bxc5 $1 dxc5 15. e5 Nd7 16. Qe1 $16 {/\ Rd1, Nd5,
Qg3}) 14. Qd2 Bh5 $6 (14... Nxd3 $1 15. Qxd3 (15. cxd3 d5 16. e5 Bxf3 $1 17.
exf6 Bxf6 18. Rxf3 d4 19. Ne4 dxe3 20. Nxf6+ Qxf6 $1 21. Rxe3 $15) 15... Be6 $1
$11 {/\ Bc4, /\ d5, /\ Qa5, Ng4-e5}) 15. Nd4 Ng4 (15... Bg6 16. Nf5 $14) 16.
Nd5 (16. Bf4 Bf6 $13) 16... Nf6 $2 (16... Bg6 17. Nf5 $16) (16... Nxd3 17. cxd3
$16) 17. Nxe7+ Qxe7 18. Nf5 Qe6 19. Nxg7 $1 $18 Kxg7 20. Bd4 Ncd7 21. Rxf6 $1
Nxf6 22. Rf1 Rc5 $6 (22... Qg4 23. Bxf6+ Kg8 24. h3 Qg3 25. Rf5 Bg6 26. Rf3 $18
) (22... Bg6 $142 23. Rxf6 Qxf6 24. Bxf6+ Kxf6 25. Qb4 Rfd8 26. Qxb7 Rb8 27.
Qa7 $1 $18 Rxb2 $140 $2 28. Qd4+) 23. Rxf6 Qxf6 24. Bxf6+ Kxf6 25. Bxa6 $1 Ke7
$8 26. b4 $1 (26. Bxb7 $6 Rb8 27. b4 $4 Rxb7 $17) 26... Re5 (26... Rc7 27. Bd3
$18 (27. Qg5+ $6 f6 28. Qxh5 bxa6 29. Qxh7+ Rf7 $16)) 27. Bxb7 Bg6 28. a5 f5
29. exf5 Rfxf5 30. h3 {/\ a6-a7} 1-0

[Event "Groningen"]
[Site "Groningen"]
[Date "1995.??.??"]
[Round "6"]
[White "Svidler, Peter"]
[Black "Lautier, Joel"]
[Result "1-0"]
[WhiteElo "2635"]
[BlackElo "2545"]
[Annotator "Svidler,P"]
[PlyCount "79"]
[EventDate "1995.12.??"]
[EventType "tourn"]
[EventRounds "11"]
[EventCountry "NED"]
[EventCategory "17"]
[SourceTitle "CBM 051"]
[Source "ChessBase"]
[SourceDate "1996.04.01"]
[SourceVersion "1"]
[SourceVersionDate "1996.04.01"]
[SourceQuality "1"]

1. e4 c5 2. Nf3 d6 3. d4 cxd4 4. Nxd4 Nf6 5. Nc3 a6 6. f4 Nbd7 7. a4 g6 8. Nf3
Qc7 9. Bd3 Bg7 10. O-O O-O 11. Qe1 e6 (11... b6 $5) 12. Qh4 b6 13. Be3 Bb7 14.
Rae1 Rae8 15. Bd4 $5 (15. Kh1 Nc5 16. f5 Nxd3 17. cxd3 Nd7 18. Bh6 f6 19. Bxg7
Kxg7 20. fxe6 $16 {Balashov,Y-Psakhis,L/URS-ch/1985/1:0/42/}) 15... e5 (15...
Qd8 $5 {Lautier/} 16. e5 dxe5 17. fxe5 Nd5 (17... Nh5 18. Qxd8 Rxd8 19. Be4
Bxe4 20. Nxe4 $14) 18. Qxd8 Rxd8 19. Nxd5 exd5 (19... Bxd5 20. Bxa6 $16) 20. e6
fxe6 21. Bxg7 Kxg7 22. Nd4 Rxf1+ 23. Bxf1 Re8 24. Rxe6 $14) 16. fxe5 dxe5 17.
Be3 Nh5 $6 (17... Nc5 $32 18. Bh6 (18. Bg5 Nxd3 19. cxd3 Nh5 $15) (18. Ng5 Nxd3
19. cxd3 h5 20. h3 Rd8 21. Rd1 $13) 18... Nxd3 19. Bxg7 Kxg7 (19... Nxe1 20.
Bxf6 Nxf3+ 21. Rxf3 Re6 22. Qxh7+ $18) 20. cxd3 Nh5 $15) 18. Nd2 Nc5 (18... Nf4
19. Bc4 Nc5) 19. Bc4 Nf4 20. b3 Kh8 21. Nf3 Nce6 $6 (21... f6 22. Bxf4 exf4 23.
Nd5 Bxd5 24. exd5 (24. Bxd5 Nd7 25. Nd4 Qc5 26. Qf2 f5 27. Ne6 Rxe6 $1 28. Qxc5
(28. Bxe6 Bd4 $19) 28... Nxc5 29. Bxe6 Nxe6 30. exf5 Nd4 $19) 24... Re3 25. Nd4
$16) 22. Nd5 Nxd5 23. exd5 Nf4 $8 24. d6 (24. Bxf4 exf4 25. Ng5 h6 26. d6 Qc5+
$19) (24. Nxe5 Nxg2 25. Nxg6+ fxg6 26. Rxf8+ Rxf8 27. Kxg2 b5 $17) (24. Ng5 h6
25. d6 Qc6 26. Rf3 Nxg2 27. Kxg2 f6 $19) 24... Qc6 $2 (24... Qxd6 $32 25. Ng5
h6 26. Nxf7+ (26. Bxf4 Qc6 $1 27. Qh3 exf4 28. Nxf7+ Kh7 29. Ng5+ Kh8 $10)
26... Rxf7 27. Bxf7 Nxg2 28. Qh3 Nxe1 (28... Nxe3 $1 29. Bxe8 (29. Rxe3 Rf8
$146) 29... Nxf1 30. Rxf1 (30. Kxf1 Qf8+ $19) 30... e4 31. Qg2 $1 Kh7 $1 $44)
29. Bxe8 $1 (29. Bxh6 Bg2 30. Qh4 Nf3+ 31. Rxf3 Bxf3 $17) 29... Bg2 (29... Qd5
30. Rxe1 $18) 30. Qc8 Bxf1 31. Kxf1 $1 $18) 25. Bxf4 exf4 26. Qxf4 $2 (26. Rxe8
Qxe8 (26... Rxe8 27. Bxf7 Rf8 28. Bxg6 $18) 27. Qxf4 $18) 26... b5 27. axb5
axb5 28. Bd3 (28. Rxe8 Rxe8 29. Bxf7 Rf8 $1 $44 30. Nh4 $2 Qc5+ 31. Kh1 g5 $1
$19) 28... Qc5+ (28... Rd8 29. Rf2 Qb6 (29... Rxd6 30. Be4 $18) (29... Qxd6 30.
Qxd6 Rxd6 31. Bxb5 $16) 30. Ne5 $1 f6 31. Nxg6+ hxg6 32. Qh4+ Kg8 33. Bxg6 $18)
29. Kh1 Bxf3 30. Qxf3 (30. Rxe8 Bxg2+ 31. Kxg2 Rxe8 32. Qxf7 Rf8 (32... Qc6+
33. Qf3 Qxd6 34. Bxb5 $16) 33. Qe6 Qg5+ 34. Kh1 $16) 30... Rd8 31. Qb7 Rxd6 (
31... Qxd6 32. Qxb5 $16) (31... b4 32. d7 $18) 32. Rxf7 Rb6 (32... Qc3 33. Ref1
Rxf7 34. Qb8+ Rf8 (34... Bf8 35. Rxf7 $18) 35. Rxf8+ Bxf8 36. Qxf8#) 33. Qa7 $1
Qb4 (33... Qc3 34. Ref1 Rxf7 35. Qa8+ Bf8 36. Rxf7 $18) 34. Ref1 Rxf7 35. Rxf7
(35. Qxb6 $18) 35... Qe1+ 36. Rf1 $2 (36. Bf1 Re6 $8 37. Qb8+ Re8 38. Qxb5 $18)
36... Qe6 $1 $10 37. Qc7 (37. c4 bxc4 38. Bxc4 Qd6) 37... Bf6 $1 (37... h5 38.
Qd8+ Kh7 39. Qg5 $16) (37... h6 38. Qd8+ Kh7 39. h4 $16) 38. c4 bxc4 $2 {T/} (
38... Rd6 $10) 39. Bxc4 $18 Qc6 (39... Qd6 40. Qf7 Qd8 41. Re1 Rb8 42. Re8+
Qxe8 43. Qxf6#) 40. Qf7 1-0

[Event "Santiago m"]
[Site "Santiago de Chile"]
[Date "1997.??.??"]
[Round "1"]
[White "Adams, Michael"]
[Black "Morovic Fernandez, Ivan"]
[Result "1-0"]
[WhiteElo "2660"]
[BlackElo "2580"]
[Annotator "Tyomkin,D"]
[PlyCount "70"]
[EventDate "1997.01.16"]
[EventType "match"]
[EventRounds "6"]
[EventCountry "CHI"]
[SourceTitle "CBM 057"]
[Source "ChessBase"]
[SourceDate "1997.04.01"]
[SourceVersion "1"]
[SourceVersionDate "1997.04.01"]
[SourceQuality "1"]

1. e4 {Gutman} c5 2. Nf3 d6 3. d4 cxd4 4. Nxd4 Nf6 5. Nc3 a6 6. f4 e5 7. Nf3
Nbd7 8. a4 Be7 9. Bd3 O-O 10. O-O exf4 11. Kh1 Nc5 (11... Ne5) (11... Nh5) 12.
Bxf4 Bd7 (12... Bg4 13. Qd2 (13. h3 Bh5 14. Qe1 Re8 15. Nd4 Bg6 16. Rd1 {
1/2-1/2 Nunn-Portisch, Amsterdam 1990}) (13. Qe1 Bh5 (13... Rc8 14. Qg3 (14.
Nd4 Qb6 15. Be2 Bxe2 16. Qxe2 Rfe8 17. Nf5 Qxb2 18. Nd5 Nxd5 19. Qg4 Qf6 20.
exd5 Bf8 $15 {Polgar,J.-Anand, Buenos Aires 1994}) 14... Bh5 15. Be3 Bg6 16.
Bd4 Re8 17. Rae1 Qd7 18. Nh4 (18. b3 Bd8 19. Nh4 Nh5 20. Qf2 Ba5 21. Bc4 Ne6
22. Nxg6 hxg6 $15) (18. a5 Na4 $1 $132) 18... Nxa4 19. Nxa4 Qxa4 20. Bxf6 Bxf6
21. Rxf6 gxf6 22. Nf5 Re5 $19) 14. b4 (14. Nh4 d5 15. Nf5 dxe4 16. Bg5 Bg6 17.
Bc4 Ncd7 18. Qh4 Bxf5 19. Rxf5 Rc8 20. Bb3 Rc5 21. Bxf6 Bxf6 22. Qxe4 Bxc3 23.
bxc3 Nf6 24. Qf3 Rxf5 25. Qxf5 Re8 $10 {Sherzer-Brunner, Eurodata 1992}) 14...
Nxd3 15. cxd3 Rc8 16. Bd2 Re8 17. Qf2 d5 18. e5 Bxb4 19. exf6 Bxc3 20. Bxc3
Rxc3 21. Rae1 gxf6 22. Nh4 Rxe1 23. Rxe1 Bg6 $17 {Fogarasi-Zagrebelny,
Budapest 1993}) (13. Be3 Rc8 14. Qd2 Bh5 15. Nd4 Ng4 16. Nd5 Nf6 17. Nxe7+ Qxe7
18. Nf5 Qe5 19. Nxg7 Kxg7 20. Bd4 $16 {Svidler,-Nedobora, Linares 1994}) 13...
Bh5 14. Rae1 (14. Nd4 Bg6 15. Nf5 Bxf5 16. exf5 d5 17. Be5 Ncd7 18. Bd4 Bc5 19.
Qf4 {1/2-1/2 Milos-Brunner, Buenos Aires 1992}) 14... Bg6 (14... Re8 15. Bc4 $1
Rc8 (15... Bg6 16. e5 dxe5 17. Nxe5 $14 {Nunn}) 16. b3 Ne6 17. Bg3 Bg6 18. Nh4
Nxe4 $8 19. Nxe4 Bxh4 20. Qxd6 (20. Bxh4 Qxh4 21. Nxd6 Rcd8 22. Qb4 Qe7 23. Rd1
Bxc2 $1 24. Rd2 Rf8 $1 $17 {Nunn}) 20... Bxg3 21. Qxg3 Rc6 22. Ng5 Nxg5 23.
Qxg5 Rc7 $1 $10 {Beliavsky-Nunn, Munchen 1991}) 15. b4 (15. Bg3 Rc8 16. b4 Nxd3
17. cxd3 d5 $1 18. Nxd5 Nxd5 19. exd5 Bf6 20. Be5 $1 (20. Ne5 Bxe5 21. Rxe5 f6
{/\ Qd5-/+ Ivanchuk}) 20... Bxe5 21. Nxe5 Qxd5 22. h3 Rfe8 $10 {
Kamsky-Ivanchuk, Luzern 1993}) 15... Nxd3 16. cxd3 d5 17. e5 Nh5 18. Bg5 f6 19.
exf6 Nxf6 $10 {Ivanchuk}) 13. Qd2 (13. Qe1) (13. Be3) (13. a5) (13. Qe2) 13...
Rc8 $146 (13... Bc6 $6 14. Qe2 Ne6 15. Bd2 Rc8 16. b4 d5 17. e5 (17. exd5 $5 {
Groszpeter,A}) 17... Nh5 18. Nd4 {Groszpeter,A} (18. b5 $6 {Watson-Groszpeter,
Budapest,1989}) 18... Ng3+ 19. hxg3 Nxd4 20. Qg4 Ne6 21. Rxf7 Rxf7 (21... Kxf7
22. Bf5) 22. Qxe6 Be8 23. Qxd5 $14) 14. Rfe1 (14. Nd4 {Gutman} Re8 15. a5 (15.
Be3 Ng4 16. Nf5 Bxf5 17. Rxf5 Bf6 18. Nd5 Bxb2 19. Raf1 Be5 20. Rxf7 Nxh2 21.
R1f5 Nf1 {und Schwarz gewann,Kogan -Waulin,Zlin 1995}) 15... Qc7 (15... Nxd3 $5
) 16. Bg5 Qd8 17. Bh4 Nxd3 18. Qxd3 Rc5 19. b4 Rc8 {versprach Schwarz
ausreichendes Gegenspiel,Wahls -Heissler,B/L1991/1992}) 14... Re8 15. a5 h6 (
15... Bf8 $2 16. Bg5 $16) (15... Nxd3 $5 {Gutman} 16. cxd3 b6 $1 17. axb6 Qxb6
{und Schwarz kann sich gut behaupten.}) 16. Bf1 Bf8 17. e5 dxe5 (17... Nh5 18.
exd6 Nxf4 19. Qxf4 Rxe1 20. Rxe1 Be6 (20... Ne6 21. Qb4 $16 {[%cal Gb4b7]}) 21.
Rd1 Rc6 22. b4 Rxd6 23. Rxd6 Bxd6 24. Qd4 $18 {[%csl Rc5]}) 18. Nxe5 Be6 (18...
Bf5 $142 {Gutman} 19. Qxd8 $11 (19. Qf2 Nce4 20. Nxe4 Nxe4 21. Qf3 Qd4 $15))
19. Qf2 {Raumvorteil und gut koordinierte Figuren versprechen Weiß etwas
bessere Aaussichten.} {19. ...} Ncd7 (19... Nh5 {Gutman} 20. Be3 Qc7 21. Nd3
Nxd3 22. Bxd3) 20. Qf3 Nxe5 21. Bxe5 Nd5 $11 22. Bd3 (22. Rad1 Qg5 $1 {um} 23.
Nxd5 {mit 23. ...} (23. Rxd5 Bxd5 24. Qxd5 Rc5) 23... Bg4 24. Qe4 Rxe5 25. Qxe5
Qxe5 26. Rxe5 Bxd1 $15 {^^}) 22... Rc5 $5 (22... Bb4 23. Nxd5 (23. Be4 Bxc3 24.
bxc3 f6 25. Rad1 (25. Bd4 {Gutman bietet Schwarz kein ausreichendes Gegenspiel.
}) 25... fxe5 26. Bxd5 (26. c4 $2 Rxc4 27. Rxd5 Rxe4) 26... Bxd5 27. Rxd5 $15)
(23. Qe4 f5 24. Qf3 Qd7 (24... Nxc3 25. Qxb7 $1) 25. Rad1 Qf7 26. Bxg7 $5 (26.
Bxf5 Qxf5 27. Qxf5 Bxf5 28. Rxd5 Be6 $15) 26... Kxg7 (26... Qxg7 27. Rxe6 $16)
27. Rxe6 Qxe6 $1 (27... Rxe6 28. Nxd5 $16) 28. Nxd5 Bxa5 29. Rf1 $44) 23...
Bxd5 24. Qg4 Qg5 $1 25. Qxg5 hxg5 26. c3 Bc5 $11) (22... Qd7 $14 {Gutman}) (
22... Nxc3 {Gutman} 23. Bxc3 Qd7 $14) 23. Ne4 Rxa5 24. Rad1 Qh4 $8 25. Nd6 Bxd6
(25... Re7 26. Re4 Qg5 27. h4 $18) 26. Bxd6 Qf6 $2 {[%csl Ra5]} (26... Rd8 27.
Bg3 Qg4 (27... Qe7 28. Bf5 Rc5 29. Bxe6 fxe6 30. c4 Rf8 31. Qa3 Nf4 32. Rd4 g5
33. Bxf4 gxf4 34. Rde4 Rf6 $11) 28. c4 (28. Qf2 $1 {Gutman} b5 29. Be4 {
mit weißer Initiative.}) 28... Qxf3 29. gxf3 Nb4 30. Bh7+ Kxh7 31. Rxd8 Bxc4
$15) 27. Qe4 $16 g6 28. c4 Ne7 29. Qxb7 Nf5 30. Qb4 (30. Bc7 $1 Ra2 (30... Qe7
31. b4 $16 (31. b4 {Gutman} Ra2 32. Bxf5 gxf5 33. Qb6 {mit klarem weißen
Vorteil.})) 31. Bxf5 gxf5 (31... Qxf5 32. Qb3 $18) 32. Rb1 Bd7 33. Rxe8+ Bxe8
34. Qb8 Qc6 (34... Qe6 35. Bg3 {[%cal Gb1e1]}) 35. Re1 Kh7 36. Be5 $18) 30...
Qg5 {Tricky} 31. c5 (31. Bf4 $1 $16 {Gutman} Qxf4 (31... Qh5 32. Be2) 32. Qxa5)
(31. Qxa5 $4 {Gutman} Ng3+ 32. Bxg3 Qxa5) 31... Ra2 32. Bc4 $2 (32. Bf4 $142
Qf6 33. Be5 (33. Bxf5 {Gutman} Qxf5 34. Bxh6) 33... Qg5 34. Bxf5 Bxf5 35. Bc3
$18 {[%cal Gc3h8]}) 32... Qh4 $4 (32... Ne3 $3 $13 33. Rxe3 Qxe3 34. Bxa2 Bxa2
35. Bg3 $14 {/+/-}) 33. Qb3 Rxb2 34. Qxb2 Qxc4 35. Qf6 g5 1-0

[Event "Koop Tjuchem"]
[Site "Groningen"]
[Date "1996.??.??"]
[Round "7"]
[White "Onischuk, Alexander"]
[Black "Van Wely, Loek"]
[Result "0-1"]
[WhiteElo "2605"]
[BlackElo "2605"]
[Annotator "Tyomkin,D"]
[PlyCount "56"]
[EventDate "1996.12.20"]
[EventType "tourn"]
[EventRounds "11"]
[EventCountry "NED"]
[EventCategory "16"]
[SourceTitle "CBM 057"]
[Source "ChessBase"]
[SourceDate "1997.04.01"]
[SourceVersion "1"]
[SourceVersionDate "1997.04.01"]
[SourceQuality "1"]

1. e4 {Nor,I Gutman} c5 2. Nf3 d6 3. d4 cxd4 4. Nxd4 Nf6 5. Nc3 a6 6. f4 Qc7 7.
Qf3 g6 (7... Nc6 $5 8. Nxc6 bxc6 9. b3 e5 10. Bb2 Bg4 11. Qg3 exf4 12. Qxf4 Be7
13. Be2 Be6 14. O-O-O O-O 15. Qg3 Kh8 16. Rhf1 Rg8 17. Kb1 a5 18. Bd3 Nh5 19.
Qf2 Nf6 20. Qg3 Nh5 21. Qf2 Nf6 {1/2-1/2 Leko,P-Gavrikov,V Horgen CS (07) 1994
- CBM 43}) (7... e6 {- B 82}) 8. Be3 (8. Bd3 $5 Bg7 9. Nde2 Nbd7 10. Be3 O-O
11. O-O Nc5 12. Bd4 $14 {Ahn,Martin-Adams,Michael/EUCup Paris/1995/ (33)/1-0})
8... b5 (8... Bg7 9. h3 Nbd7 (9... Nc6 $2 10. O-O-O O-O 11. g4 Bd7 (11... e6
12. g5 Nd7 13. h4 b5 14. h5 b4 15. hxg6 hxg6 16. Nce2 Nxd4 17. Nxd4 e5 18. f5
exd4 19. Qh3 Re8 20. Bxd4 Bxd4 21. Rxd4 Kf8 22. f6 Nxf6 23. Qh6+ Ke7 24. gxf6+
$18 {1-0 Kornev,A-Dubinsky,R/Moscow op2 (04) ;EXP 50 1995 (33)}) 12. g5 Nh5 $6
13. Nd5 Qd8 14. Nf5 $1 Bxf5 $2 15. exf5 Rc8 16. Bb6 Qd7 17. h4 $1 e6 18. f6 Bh8
19. Bh3 Rfe8 20. Bg4 {1-0 Kindermann,S-Landenbergue,C/Ptuj zt 1995}) (9... e5
$5 10. fxe5 dxe5 11. Bh6 $1 Bxh6 $2 12. Qxf6 O-O 13. Nd5 Qa5+ 14. b4 Qd8 15.
Ne7+ Qxe7 16. Qxe7 exd4 17. Bc4 $16 {Ivanchuk,V-Kasparov,G/Amsterdam 1994/1-0})
(9... O-O 10. O-O-O e5 $13) (9... b5 $146 10. e5 $1 dxe5 11. Ndxb5 axb5 12.
Qxa8 exf4 13. Bxb5+ $6 Nfd7 $1 $8 14. Bd2 O-O {+/- Arencibia,W-Vera,R/Santa
Clara 1994}) 10. O-O-O O-O (10... e5 $6 11. fxe5 Nxe5 12. Qf2 Be6 13. Be2 O-O
14. Bg5 $16 {Mannion Stephen R-Rowson Jonathan/Ch Scotland, Hawick (Scotland)
1995 (39)/1-0}) 11. g4 e5 12. Nf5 gxf5 13. exf5 $40 {Wahls,
Matthias-Summermatter Daniel/ Bern op/1995/(38)/1/2-1/2}) 9. Bd3 (9. a3 Nbd7
10. g4 Nc5 11. g5 Nfxe4 $1 12. Nxe4 Nxe4 13. Qxe4 Bb7 14. Nxb5 axb5 15. Qd4 $13
{Wahls,M-Vera,R/Capablanca mem-A 1996 (24)/1/2-1/2}) 9... Bb7 $146 (9... Nbd7
10. O-O Bb7 11. a3 Bg7 12. Kh1 O-O 13. Bg1 Nb6 14. Qe2 Nfd7 $10 {Stefansson,
H-Kasparov,G/Reykjavik TV 25' (01) ;EXP 46 1995 (40)/0-1}) 10. g4 $6 (10. a3 $5
) (10. O-O $5) (10. a3 {Gutman} Bg7 11. O-O Nc6 $5 12. Nxc6 Bxc6 {Gutman: mit
etwa gleichen Chancen.}) 10... b4 $6 {Black helps white to bring the knight to
g3 where it makes the white's attack stronger.} (10... Bg7 $5 11. O-O-O Nbd7
12. g5 Nh5 13. Rhf1 O-O $5 $13) 11. Nce2 $14 Bg7 12. O-O-O (12. g5 {Gutman} Nh5
13. a3 {Gutman: verdiente den Vorzug.}) 12... Nbd7 13. g5 Nh5 14. Kb1 $6 {
Like in soccer,if you don't make a goal-you opornent does!Not only an
advantage white missed by this move,but even the equality!} (14. Ng3 $1 Nxg3 (
14... Nxf4 15. Qxf4 e5 16. Qf2 exd4 17. Bxd4 Ne5 18. h4 $40) 15. hxg3 Nc5 16.
Kb1 $14) 14... e5 $1 15. fxe5 (15. Nb3 $142 exf4 16. Nxf4 Ne5 17. Qe2 $1 Nxf4
18. Bxf4 O-O 19. h4 $13) 15... Nxe5 {Gutman: Schwarz ist bereit, die
Initiative zu übernehmen.} 16. Qf1 d5 $1 $15 17. Nf4 Nxf4 18. Qxf4 O-O 19. Nb3
(19. h4 $5 Rac8 20. exd5 Bxd5 21. Be4 Bxe4 22. Qxe4 Nc4 23. Bc1 $15) 19... Rac8
20. exd5 (20. Nc5 {Gutman} Nxd3 21. Qxc7 Rxc7 22. cxd3 d4 23. Nxb7 dxe3 24. Na5
f5 $1 (24... Rc5 25. Nc4 Rxg5 26. Nxe3) 25. gxf6 Rxf6 26. Nc4 Rf2 {Gutman: mit
schwarzen Vorteil}) 20... Bxd5 21. Be4 Bxe4 22. Qxe4 Nc4 $1 23. Bf4 (23. Bd4 {
Gutman} Rfe8 24. Qd3 {Gutman: wäre vorsichtiger.}) 23... Qb6 24. Bc1 Rfe8 25.
Qd3 Qc7 $1 26. Rhe1 $2 (26. h4 a5 27. Rhe1 $1 (27. h5 $2 a4 28. hxg6 hxg6 (
28... axb3 $2 29. gxf7+ Qxf7 30. Qxh7+ Kf8 31. axb3 $18) 29. Nd4 a3 30. b3 Nb2
$1 31. Bxb2 axb2 32. Rh4 Red8 $1 $19) 27... a4 28. Rxe8+ Rxe8 29. Nd2 Nxd2+ 30.
Qxd2 $15) 26... Rxe1 27. Rxe1 Qxh2 $17 28. Nc5 $4 (28. Nd2 $1 Qf2 29. Re7 Nxd2+
$1 (29... Ne5 30. Qd5 Nc6 (30... Qf5 $2 31. Ne4 $44) 31. Rd7 Nd4 32. Rd6 $1 $44
) (29... Qc5 $2 30. Qxc4 $1 Qxc4 31. Nxc4 Rxc4 32. Re8+ Bf8 33. a3 a5 (33...
bxa3 $4 34. b3 $1 a2+ 35. Ka1 Rxc2 36. Ba3 $18) 34. Ra8 $1 $10) 30. Bxd2 a5 31.
Qd7 Qc5 32. Re8+ Rxe8 33. Qxe8+ Bf8 $17) 28... Qf2 $19 0-1